Central Library OPAC University of Rajshahi

Genetic engineering techniques : (Record no. 12007)

MARC details
000 -LEADER
fixed length control field 01205cam a2200313 a 4500
001 - CONTROL NUMBER
control field 12007
003 - CONTROL NUMBER IDENTIFIER
rucl marc code BD-RjUL
005 - DATE AND TIME OF LATEST TRANSACTION
control field 20211208235223.0
008 - FIXED-LENGTH DATA ELEMENTS--GENERAL INFORMATION
fixed length control field 140127s1982 nyua b 101 0 eng
020 ## - INTERNATIONAL STANDARD BOOK NUMBER
International Standard Book Number 0123582504
035 ## - SYSTEM CONTROL NUMBER
System control number (BD-RjUL)12056
040 ## - CATALOGING SOURCE
Original cataloging agency DLC
Transcribing agency DLC
Modifying agency DLC
-- BD-RjUL
Language of cataloging eng
041 ## - LANGUAGE CODE
Language code of text/sound track or separate title eng
082 00 - DEWEY DECIMAL CLASSIFICATION NUMBER
Classification number 574.87328
Edition number 19
Author mark and year GEN 1982
111 2# - MAIN ENTRY--MEETING NAME
Meeting name or jurisdiction name as entry element Symposium on Recent Advances in Genetic Engineering
Date of meeting (1982 :
Location of meeting Taipei, Taiwan)
9 (RLIN) 37214
245 10 - TITLE STATEMENT
Title Genetic engineering techniques :
Remainder of title recent developments /
Statement of responsibility, etc. edited by P.C. Huang, T.T. Kuo, Ray Wu.
260 ## - PUBLICATION, DISTRIBUTION, ETC. (IMPRINT)
Place of publication, distribution, etc. New York :
Name of publisher, distributor, etc. Academic Press,
Date of publication, distribution, etc. c1982.
300 ## - PHYSICAL DESCRIPTION
Pagination xiv, 360 p. :
Illustrations ill. ;
Size 24 cm.
500 ## - GENERAL NOTE
General note "Proceedings of the Symposium on Recent Advances in Genetic Engineering held January 11-12, 1982, Taiwan, Republic of China"--P. [ii].
504 ## - BIBLIOGRAPHY, ETC. NOTE
Bibliography, etc Includes bibliographical references and index.
650 #0 - SUBJECT ADDED ENTRY--TOPICAL TERM
Topical term or geographic name as entry element Genetic engineering
General subdivision Congresses.
9 (RLIN) 37215
Topical term or geographic name as entry element Genetic engineering
General subdivision Technique
-- Congresses.
9 (RLIN) 37216
700 1# - ADDED ENTRY--PERSONAL NAME
Personal name Huang, P. C.
Fuller form of name (Pien-Chien),
Dates associated with a name 1931-
Personal name Kuo, T. T.,
Dates associated with a name 1933-
Personal name Wu, Ray.
942 ## - ADDED ENTRY ELEMENTS (KOHA)
Source of classification or shelving scheme Dewey Decimal Classification
Koha item type Books
Holdings
Lost status Source of classification or shelving scheme Damaged status Not for loan Permanent Location Current Location Shelving location Date acquired Source of acquisition Cost, normal purchase price Total Checkouts Full call number Date last seen Copy number Koha item type
  Dewey Decimal Classification   Not For Loan Central Library, University of Rajshahi Central Library, University of Rajshahi Reading Room 27/05/1985 Tulip Enterprise Dhaka 33.00   574.87328 GEN 1982 27/01/2014 C-1 Books